[Event "PMPJ 2022 - C17"]
[Site "Jastrzebia Gora"]
[Date "2022.11.11"]
[Round "8.14"]
[White "Rychlik, Michal"]
[Black "Jedrzejczak, Michal"]
[Result "1/2-1/2"]
[BlackElo "1503"]
[WhiteElo "1604"]
[LiveChessVersion "1.4.8"]

1. c4 {[%clk 1:30:56]} e6 {[%clk 1:30:51]} 2. d4 {[%clk 1:29:48]} Nf6
{[%clk 1:30:14]} 3. g3 {[%clk 1:30:17]} d5 {[%clk 1:30:30]} 4. Nf3
{[%clk 1:30:39]} Be7 {[%clk 1:25:55]} 5. Bg2 {[%clk 1:30:59]} a6 {[%clk 1:26:04]}
6. O-O {[%clk 1:28:24]} O-O {[%clk 1:25:23]} 7. Qc2 {[%clk 1:28:48]} Nbd7
{[%clk 1:20:27]} 8. Rd1 {[%clk 1:23:42]} dxc4 {[%clk 1:17:42]} 9. a4
{[%clk 1:18:26]} Rb8 {[%clk 1:14:02]} 10. a5 {[%clk 1:16:19]} b5 {[%clk 1:12:45]}
11. axb6 {[%clk 1:16:09]} cxb6 {[%clk 1:11:21]} 12. Ne5 {[%clk 1:05:38]} Nxe5
{[%clk 1:00:32]} 13. dxe5 {[%clk 1:05:59]} Nd5 {[%clk 1:00:59]} 14. Qxc4
{[%clk 1:04:50]} b5 {[%clk 1:00:24]} 15. Qb3 {[%clk 1:01:34]} Qc7
{[%clk 0:55:56]} 16. Bxd5 {[%clk 0:44:47]} exd5 {[%clk 0:56:20]} 17. Nc3
{[%clk 0:42:57]} Qc4 {[%clk 0:16:08]} 18. Qa2 {[%clk 0:32:47]} Bb7
{[%clk 0:14:32]} 19. Nxd5 {[%clk 0:25:21]} Bc5 {[%clk 0:09:47]} 20. Qxc4
{[%clk 0:25:12]} bxc4 {[%clk 0:10:15]} 21. Be3 {[%clk 0:24:29]} Rfd8
{[%clk 0:07:48]} 22. Bxc5 {[%clk 0:23:47]} Rxd5 {[%clk 0:07:33]} 23. Bd6
{[%clk 0:20:31]} Rxd1+ {[%clk 0:07:13]} 24. Rxd1 {[%clk 0:20:54]} Rd8
{[%clk 0:07:40]} 25. f3 {[%clk 0:18:00]} g6 {[%clk 0:04:21]} 26. Kf2
{[%clk 0:16:04]} Rc8 {[%clk 0:04:48]} 27. Be7 {[%clk 0:14:59]} h5
{[%clk 0:03:56]} 28. Rd8+ {[%clk 0:12:54]} Rxd8 {[%clk 0:04:18]} 29. Bxd8
{[%clk 0:13:18]} Kf8 {[%clk 0:04:07]} 30. Ke3 {[%clk 0:11:42]} Ke8
{[%clk 0:03:29]} 31. Bb6 {[%clk 0:11:11]} Bc6 {[%clk 0:02:29]} 32. Kd4
{[%clk 0:11:08]} Bb5 {[%clk 0:02:56]} 33. Kd5 {[%clk 0:11:05]} Kd7
{[%clk 0:00:34]} 34. f4 {[%clk 0:11:18]} c3 {[%clk 0:00:33]} 35. bxc3
{[%clk 0:11:35]} Bxe2 {[%clk 0:01:01]} 36. Ba5 {[%clk 0:10:23]} Bf1
{[%clk 0:01:05]} 37. c4 {[%clk 0:10:02]} Be2 {[%clk 0:01:17]} 38. Bb4
{[%clk 0:09:28]} Bf1 {[%clk 0:01:38]} 39. Bc5 {[%clk 0:06:10]} Be2
{[%clk 0:01:44]} 40. Bd4 {[%clk 0:06:20]} Bd3 {[%clk 0:01:08]} 41. h3
{[%clk 0:05:27]} Bf1 {[%clk 0:01:29]} 42. h4 {[%clk 0:04:50]} Bd3
{[%clk 0:01:55]} 43. c5 {[%clk 0:04:51]} Bb5 {[%clk 0:02:19]} 1/2-1/2

[Event "PMPJ 2022 - C17"]
[Site "Jastrzebia Gora"]
[Date "2022.11.11"]
[Round "8.15"]
[White "Ochalik, Filip"]
[Black "Raba, Bartosz"]
[Result "1-0"]
[BlackElo "1896"]
[WhiteElo "1448"]
[LiveChessVersion "1.4.8"]

1. d4 {[%clk 1:30:56]} d5 {[%clk 1:30:20]} 2. c4 {[%clk 1:31:21]} e6
{[%clk 1:30:27]} 3. Nc3 {[%clk 1:31:40]} Nf6 {[%clk 1:30:14]} 4. Nf3
{[%clk 1:31:44]} a6 {[%clk 1:29:58]} 5. cxd5 {[%clk 1:29:57]} exd5
{[%clk 1:30:02]} 6. Bg5 {[%clk 1:28:53]} Be6 {[%clk 1:29:07]} 7. e3
{[%clk 1:28:45]} Nbd7 {[%clk 1:29:13]} 8. Bd3 {[%clk 1:29:01]} c5
{[%clk 1:28:30]} 9. O-O {[%clk 1:28:39]} Be7 {[%clk 1:26:10]} 10. e4 dxe4
{[%clk 1:02:14]} 11. Bxe4 {[%clk 1:17:12]} Nxe4 {[%clk 0:59:09]} 12. Nxe4
{[%clk 1:17:11]} O-O {[%clk 0:58:22]} 13. Re1 {[%clk 1:10:17]} Re8
{[%clk 0:49:26]} 14. dxc5 {[%clk 1:04:54]} f6 {[%clk 0:44:49]} 15. Be3
{[%clk 1:00:23]} Qa5 {[%clk 0:44:26]} 16. a3 {[%clk 0:55:25]} Rad8
{[%clk 0:41:50]} 17. b4 {[%clk 0:53:01]} Qb5 {[%clk 0:39:20]} 18. Nd4
{[%clk 0:52:19]} Qc4 {[%clk 0:38:02]} 19. Rc1 {[%clk 0:51:43]} Qd5
{[%clk 0:35:12]} 20. Nc3 {[%clk 0:50:52]} Qc4 {[%clk 0:33:00]} 21. Nce2
{[%clk 0:50:07]} Qa2 {[%clk 0:31:18]} 22. Rc2 {[%clk 0:49:41]} Qxa3
{[%clk 0:29:29]} 23. Nxe6 {[%clk 0:49:53]} Ne5 {[%clk 0:28:25]} 24. Nxd8
{[%clk 0:49:46]} Rxd8 {[%clk 0:28:54]} 25. Rd2 {[%clk 0:49:47]} Re8
{[%clk 0:28:26]} 26. Bf4 {[%clk 0:46:26]} Qxb4 {[%clk 0:27:49]} 27. Bxe5
{[%clk 0:46:37]} fxe5 {[%clk 0:28:17]} 28. Rd7 {[%clk 0:44:01]} Bxc5
{[%clk 0:28:32]} 29. Rf1 {[%clk 0:42:49]} b5 {[%clk 0:27:54]} 30. Qd5+
{[%clk 0:42:13]} Kh8 {[%clk 0:28:13]} 31. Rd8 {[%clk 0:42:24]} Rxd8
{[%clk 0:28:36]} 32. Qxd8+ {[%clk 0:42:48]} Bf8 {[%clk 0:29:02]} 33. Nc3
{[%clk 0:42:25]} Kg8 {[%clk 0:29:13]} 34. Qd5+ {[%clk 0:42:25]} Kh8
{[%clk 0:29:37]} 35. Qxe5 {[%clk 0:42:42]} h6 {[%clk 0:29:48]} 36. g3
{[%clk 0:42:28]} Kg8 {[%clk 0:29:27]} 37. Qe6+ {[%clk 0:42:43]} Kh8
{[%clk 0:29:47]} 38. Nd5 {[%clk 0:43:02]} Qc5 {[%clk 0:29:29]} 39. Nf4
{[%clk 0:43:26]} a5 {[%clk 0:29:48]} 40. Ng6+ {[%clk 0:43:27]} Kh7
{[%clk 0:30:16]} 41. Nxf8+ {[%clk 0:43:47]} Qxf8 {[%clk 0:30:42]} 42. Qb6
{[%clk 0:44:03]} Qb4 {[%clk 0:31:04]} 43. Ra1 {[%clk 0:43:20]} a4
{[%clk 0:31:28]} 44. Qe3 {[%clk 0:43:37]} Qb2 {[%clk 0:31:33]} 45. Qd3+
{[%clk 0:43:46]} Kh8 {[%clk 0:31:38]} 46. Rb1 {[%clk 0:44:11]} Qa2
{[%clk 0:31:57]} 47. Rxb5 {[%clk 0:43:52]} g5 {[%clk 0:31:42]} 48. Qg6
{[%clk 0:43:00]} 1-0

[Event "PMPJ 2022 - C17"]
[Site "Jastrzebia Gora"]
[Date "2022.11.11"]
[Round "8.17"]
[White "Kaczmarek, Jan"]
[Black "Haluja, Wiktor"]
[Result "0-1"]
[BlackElo "1435"]
[WhiteElo "1786"]
[LiveChessVersion "1.4.8"]

1. e4 {[%clk 1:30:57]} c6 {[%clk 1:30:54]} 2. d4 {[%clk 1:31:19]} d5
{[%clk 1:31:18]} 3. e5 {[%clk 1:31:04]} c5 {[%clk 1:31:43]} 4. dxc5
{[%clk 1:31:17]} Nc6 {[%clk 1:32:07]} 5. f4 {[%clk 1:30:01]} e6 {[%clk 1:31:38]}
6. Be3 {[%clk 1:29:40]} d4 {[%clk 1:26:42]} 7. Bf2 {[%clk 1:30:06]} Bxc5
{[%clk 1:26:42]} 8. Nd2 {[%clk 1:25:07]} Nge7 {[%clk 1:14:47]} 9. a3
{[%clk 1:22:05]} Nf5 {[%clk 1:11:25]} 10. Nb3 {[%clk 1:05:50]} Bb6
{[%clk 1:09:58]} 11. g4 {[%clk 1:01:17]} Nh4 {[%clk 1:04:28]} 12. Qd2
{[%clk 0:55:26]} Qd5 {[%clk 0:59:30]} 13. Bxh4 {[%clk 0:51:34]} Qxh1
{[%clk 0:59:17]} 14. Nh3 {[%clk 0:50:47]} Qe4+ {[%clk 0:55:27]} 15. Be2
{[%clk 0:49:37]} Qe3 {[%clk 0:48:07]} 16. Qxe3 {[%clk 0:49:42]} dxe3
{[%clk 0:48:35]} 17. O-O-O {[%clk 0:49:37]} O-O {[%clk 0:47:39]} 18. Bd3
{[%clk 0:48:54]} a5 {[%clk 0:45:10]} 19. a4 {[%clk 0:46:50]} Nb4 {[%clk 0:40:44]}
20. Bb5 {[%clk 0:46:44]} Nd5 {[%clk 0:35:20]} 21. c4 {[%clk 0:45:15]} e2
{[%clk 0:30:24]} 22. Re1 {[%clk 0:43:58]} Nb4 {[%clk 0:28:22]} 23. Rxe2
{[%clk 0:42:35]} Bd8 {[%clk 0:28:24]} 24. Bf2 {[%clk 0:42:17]} Nd3+
{[%clk 0:28:10]} 25. Kc2 {[%clk 0:42:36]} Nxf2 {[%clk 0:28:28]} 26. Nxf2
{[%clk 0:42:53]} Be7 {[%clk 0:28:35]} 27. Ne4 {[%clk 0:41:59]} Rd8
{[%clk 0:28:26]} 28. c5 {[%clk 0:41:39]} Bd7 {[%clk 0:25:11]} 29. Nd6
{[%clk 0:41:07]} Bxd6 {[%clk 0:24:54]} 30. cxd6 {[%clk 0:39:58]} Bxb5
{[%clk 0:23:33]} 31. axb5 {[%clk 0:40:24]} a4 {[%clk 0:22:08]} 32. Nc5
{[%clk 0:39:23]} Rdc8 {[%clk 0:20:22]} 0-1

[Event "PMPJ 2022 - C17"]
[Site "Jastrzebia Gora"]
[Date "2022.11.11"]
[Round "8.18"]
[White "Kuczmik, Pawel"]
[Black "Hury, Tymoteusz"]
[Result "0-1"]
[BlackElo "1710"]
[WhiteElo "1426"]
[LiveChessVersion "1.4.8"]

1. e4 {[%clk 1:30:58]} e5 {[%clk 1:30:56]} 2. Bc4 {[%clk 1:31:20]} Nf6
{[%clk 1:31:15]} 3. Nf3 {[%clk 1:31:43]} Nc6 {[%clk 1:31:41]} 4. Ng5
{[%clk 1:30:36]} d5 {[%clk 1:31:47]} 5. exd5 {[%clk 1:30:57]} Na5
{[%clk 1:32:10]} 6. Bb5+ {[%clk 1:31:19]} c6 {[%clk 1:32:34]} 7. dxc6
{[%clk 1:31:40]} bxc6 {[%clk 1:32:57]} 8. Qf3 {[%clk 1:31:48]} Rb8
{[%clk 1:30:20]} 9. Bd3 {[%clk 1:28:06]} Bd6 {[%clk 1:17:28]} 10. Ne4
{[%clk 1:25:48]} Nxe4 {[%clk 1:15:18]} 11. Bxe4 {[%clk 1:26:06]} O-O
{[%clk 1:08:56]} 12. O-O {[%clk 1:09:23]} f5 {[%clk 0:56:05]} 13. Bxc6
{[%clk 1:08:04]} Nxc6 {[%clk 0:55:12]} 14. Qxc6 {[%clk 1:08:10]} Bb7
{[%clk 0:51:07]} 15. Qc4+ {[%clk 1:08:15]} Kh8 {[%clk 0:51:22]} 16. d3
{[%clk 1:06:22]} f4 {[%clk 0:47:49]} 17. f3 {[%clk 0:48:29]} Rc8 {[%clk 0:39:12]}
18. Qa4 {[%clk 0:48:32]} Bc5+ {[%clk 0:38:32]} 19. Kh1 {[%clk 0:48:49]} Rc6
{[%clk 0:37:32]} 20. Nd2 {[%clk 0:45:47]} Rh6 {[%clk 0:36:41]} 21. h3
{[%clk 0:45:48]} Rxh3+ {[%clk 0:29:37]} 22. gxh3 {[%clk 0:46:06]} Qh4
{[%clk 0:30:03]} 23. Qd7 {[%clk 0:40:26]} Bc8 {[%clk 0:30:24]} 24. Qxc8
{[%clk 0:38:59]} Rxc8 {[%clk 0:30:49]} 25. d4 {[%clk 0:38:50]} Qxh3+
{[%clk 0:31:00]} 26. Kg1 {[%clk 0:39:12]} Bxd4+ {[%clk 0:31:28]} 27. Rf2
{[%clk 0:39:36]} Qg3+ {[%clk 0:31:53]} 0-1

[Event "PMPJ 2022 - C17"]
[Site "Jastrzebia Gora"]
[Date "2022.11.11"]
[Round "8.19"]
[White "Borzecki, Jakub"]
[Black "Jozefik, Aleksander"]
[Result "0-1"]
[BlackElo "1616"]
[WhiteElo "1179"]
[LiveChessVersion "1.4.8"]

1. d4 Nf6 2. c4 e6 3. Nf3 b6 4. Nc3 Bb7 5. Bg5 h6 6. Bh4 Be7 7. e3 O-O 8. Bd3 d5
9. cxd5 Nxd5 10. Bxe7 Qxe7 11. O-O Nd7 12. Rc1 c5 13. Bb1 Rac8 14. Qd3 N7f6 15.
Rfe1 Nxc3 16. bxc3 Be4 17. Qe2 cxd4 18. cxd4 Rxc1 19. Rxc1 Qa3 20. Qd2 Bxb1 21.
Rxb1 Rc8 22. h3 Ne4 23. Qb2 Qa4 24. d5 Nc3 25. dxe6 Nxb1 26. Qxb1 fxe6 27. Ne5
Qc2 28. Qb5 Qxa2 29. Qd7 Qa1+ 0-1

[Event "PMPJ 2022 - C17"]
[Site "Jastrzebia Gora"]
[Date "2022.11.11"]
[Round "8.20"]
[White "Choina, Jan"]
[Black "Grzechowiak, Kacper"]
[Result "1-0"]
[BlackElo "1448"]
[WhiteElo "1554"]
[LiveChessVersion "1.4.8"]

1. e4 {[%clk 1:30:57]} c6 {[%clk 1:30:58]} 2. Nc3 {[%clk 1:31:16]} d5
{[%clk 1:31:22]} 3. Nf3 {[%clk 1:31:35]} dxe4 {[%clk 1:29:55]} 4. Nxe4
{[%clk 1:31:56]} Nf6 {[%clk 1:30:20]} 5. Qe2 {[%clk 1:31:46]} Nxe4
{[%clk 1:29:43]} 6. Qxe4 {[%clk 1:32:06]} Nd7 {[%clk 1:28:25]} 7. Bc4
{[%clk 1:31:07]} Nf6 {[%clk 1:27:07]} 8. Ne5 {[%clk 1:28:47]} e6 {[%clk 1:26:39]}
9. Qe2 {[%clk 1:26:43]} Bc5 {[%clk 1:23:02]} 10. c3 {[%clk 1:22:22]} h6
{[%clk 1:21:22]} 11. h3 {[%clk 1:08:56]} O-O {[%clk 1:11:20]} 12. g4
{[%clk 1:06:34]} Nd5 13. d4 Be7 {[%clk 1:11:08]} 14. Bd2 {[%clk 1:03:18]} Bg5
{[%clk 0:54:36]} 15. O-O-O {[%clk 0:37:41]} a6 {[%clk 0:54:36]} 16. Kb1
{[%clk 0:37:41]} Bxd2 {[%clk 0:44:44]} 17. Rxd2 {[%clk 0:36:55]} Qe8
{[%clk 0:37:32]} 18. g5 {[%clk 0:23:06]} hxg5 19. Qh5 {[%clk 0:21:44]} Nf6
{[%clk 0:37:11]} 20. Qf3 {[%clk 0:21:44]} Nd7 21. h4 f5 {[%clk 0:15:27]} 22. hxg5
{[%clk 0:14:36]} Nxe5 {[%clk 0:15:26]} 23. dxe5 {[%clk 0:14:41]} Qg6
{[%clk 0:13:34]} 24. Qf4 {[%clk 0:14:37]} Qe8 {[%clk 0:06:32]} 25. Qh4
{[%clk 0:13:58]} Kf7 {[%clk 0:03:29]} 26. g6+ {[%clk 0:12:46]} Kxg6
{[%clk 0:03:57]} 27. Qh5# 1-0

[Event "PMPJ 2022 - C17"]
[Site "Jastrzebia Gora"]
[Date "2022.11.11"]
[Round "8.21"]
[White "Witkowski, Jedrzej"]
[Black "Wiosna, Krzysztof"]
[Result "1/2-1/2"]
[BlackElo "1159"]
[WhiteElo "1463"]
[LiveChessVersion "1.4.8"]

1. e4 {[%clk 1:30:57]} c5 {[%clk 1:30:57]} 2. Nf3 {[%clk 1:31:21]} d6
{[%clk 1:31:24]} 3. d4 {[%clk 1:31:37]} cxd4 {[%clk 1:31:49]} 4. Nxd4
{[%clk 1:32:01]} Nf6 {[%clk 1:32:15]} 5. Nc3 {[%clk 1:32:20]} a6 {[%clk 1:32:42]}
6. f3 {[%clk 1:32:45]} b5 {[%clk 1:28:08]} 7. Be3 {[%clk 1:30:36]} e5
{[%clk 1:28:10]} 8. Nb3 {[%clk 1:30:57]} Be6 {[%clk 1:26:39]} 9. g4
{[%clk 1:30:19]} Be7 {[%clk 1:25:59]} 10. Qd2 {[%clk 1:30:05]} Nc6
{[%clk 1:09:45]} 11. O-O-O {[%clk 1:28:53]} b4 {[%clk 1:01:00]} 12. Nd5
{[%clk 1:27:47]} Bxd5 {[%clk 0:49:25]} 13. exd5 {[%clk 1:25:12]} Na5
{[%clk 0:49:51]} 14. Qxb4 {[%clk 1:15:14]} Nxb3+ {[%clk 0:50:13]} 15. Qxb3
{[%clk 1:14:00]} O-O {[%clk 0:48:39]} 16. h4 {[%clk 1:06:27]} Nd7
{[%clk 0:47:08]} 17. g5 {[%clk 1:00:15]} Nc5 {[%clk 0:42:27]} 18. Qc3
{[%clk 0:52:12]} Qc7 {[%clk 0:41:03]} 19. Qd2 {[%clk 0:44:24]} Rfc8
{[%clk 0:39:35]} 20. Bh3 {[%clk 0:41:18]} Rcb8 {[%clk 0:37:59]} 21. Bxc5
{[%clk 0:27:37]} Qxc5 {[%clk 0:37:22]} 22. Bf5 {[%clk 0:26:28]} Rb4
{[%clk 0:36:13]} 23. Be4 {[%clk 0:22:35]} Rab8 {[%clk 0:34:56]} 24. b3
{[%clk 0:21:27]} Bd8 {[%clk 0:29:26]} 25. Kb2 {[%clk 0:18:28]} Ba5
{[%clk 0:28:44]} 26. c3 {[%clk 0:18:12]} Ra4 {[%clk 0:21:06]} 27. Rc1
{[%clk 0:15:42]} Qa3+ {[%clk 0:20:48]} 28. Kb1 {[%clk 0:08:51]} Rxb3+
{[%clk 0:20:13]} 29. axb3 {[%clk 0:09:13]} Qa1+ {[%clk 0:20:34]} 30. Kc2
{[%clk 0:09:28]} Ra2+ {[%clk 0:20:53]} 31. Kd3 {[%clk 0:09:25]} Rxd2+
{[%clk 0:21:04]} 32. Kxd2 {[%clk 0:09:49]} Qb2+ {[%clk 0:19:33]} 33. Rc2
{[%clk 0:06:37]} Qxb3 {[%clk 0:18:12]} 34. Ra1 {[%clk 0:05:45]} Qb6
{[%clk 0:16:42]} 35. Kd3 {[%clk 0:03:53]} Qb5+ {[%clk 0:15:31]} 36. Kd2
{[%clk 0:04:10]} Qc5 {[%clk 0:14:20]} 37. Rb1 {[%clk 0:02:53]} g6
{[%clk 0:13:40]} 38. Kd3 {[%clk 0:03:04]} Bb6 {[%clk 0:12:40]} 39. Rh2
{[%clk 0:01:26]} Qe3+ {[%clk 0:11:39]} 40. Kc4 {[%clk 0:01:45]} 1/2-1/2

[Event "PMPJ 2022 - C17"]
[Site "Jastrzebia Gora"]
[Date "2022.11.11"]
[Round "8.22"]
[White "Komisarski, Jerzy"]
[Black "Mikula, Maciej"]
[Result "1/2-1/2"]
[BlackElo "1748"]
[WhiteElo "1397"]
[LiveChessVersion "1.4.8"]

1. a3 {[%clk 1:30:54]} d5 {[%clk 1:28:04]} 2. Nf3 {[%clk 1:31:10]} g6
{[%clk 1:27:56]} 3. g3 {[%clk 1:30:41]} Bg7 {[%clk 1:28:12]} 4. Bg2
{[%clk 1:30:51]} c6 {[%clk 1:28:22]} 5. d4 {[%clk 1:29:50]} Nf6 {[%clk 1:27:58]}
6. c3 {[%clk 1:28:47]} O-O {[%clk 1:26:44]} 7. Bf4 {[%clk 1:25:57]} Nbd7
{[%clk 1:24:13]} 8. Qc1 {[%clk 1:24:43]} b6 {[%clk 1:23:51]} 9. Nbd2
{[%clk 1:17:49]} Ba6 {[%clk 1:22:46]} 10. Ne5 {[%clk 1:17:22]} Nxe5
{[%clk 1:18:51]} 11. Bxe5 {[%clk 1:15:47]} Rc8 {[%clk 1:16:41]} 12. Nf3
{[%clk 1:07:46]} Ne4 {[%clk 1:13:47]} 13. Bxg7 {[%clk 1:04:25]} Kxg7
{[%clk 1:14:08]} 14. Ne5 {[%clk 1:03:32]} Nd6 {[%clk 1:06:09]} 15. Ng4
{[%clk 0:55:39]} Nf5 {[%clk 0:41:36]} 16. f3 {[%clk 0:41:19]} h5 {[%clk 0:35:25]}
17. Ne5 {[%clk 0:40:51]} f6 {[%clk 0:31:24]} 18. Nd3 {[%clk 0:39:31]} Bxd3
{[%clk 0:26:28]} 19. exd3 {[%clk 0:39:42]} Nd6 {[%clk 0:17:33]} 20. f4
{[%clk 0:37:31]} Qd7 {[%clk 0:17:34]} 21. O-O {[%clk 0:36:28]} h4
{[%clk 0:16:37]} 22. Re1 {[%clk 0:29:52]} hxg3 {[%clk 0:16:32]} 23. hxg3
{[%clk 0:30:13]} Rce8 {[%clk 0:13:28]} 24. Qe3 {[%clk 0:28:19]} Qg4
{[%clk 0:13:09]} 25. Qf3 {[%clk 0:28:10]} Qxf3 {[%clk 0:12:41]} 26. Bxf3
{[%clk 0:28:34]} Rh8 {[%clk 0:12:15]} 27. Re6 {[%clk 0:26:40]} Rh3
{[%clk 0:08:07]} 28. Kf2 {[%clk 0:20:24]} Rh2+ {[%clk 0:06:18]} 29. Bg2
{[%clk 0:20:31]} Kf7 {[%clk 0:05:06]} 30. Re2 {[%clk 0:18:03]} e6
{[%clk 0:04:02]} 31. Rae1 {[%clk 0:17:46]} Nf5 {[%clk 0:03:28]} 32. g4
{[%clk 0:16:19]} Nh4 {[%clk 0:03:08]} 33. Kg3 {[%clk 0:16:25]} Nxg2
{[%clk 0:02:29]} 34. Kxh2 {[%clk 0:16:22]} Nxe1 {[%clk 0:01:49]} 35. Rxe1
{[%clk 0:16:45]} Rh8+ {[%clk 0:02:17]} 36. Kg2 {[%clk 0:16:43]} g5
{[%clk 0:01:31]} 37. fxg5 {[%clk 0:15:53]} fxg5 {[%clk 0:01:56]} 38. Re5
{[%clk 0:14:56]} Kf6 {[%clk 0:02:14]} 39. Re1 {[%clk 0:14:54]} Re8
{[%clk 0:00:58]} 40. Rf1+ {[%clk 0:13:48]} Kg6 {[%clk 0:01:10]} 41. Re1
{[%clk 0:13:53]} Kf6 {[%clk 0:01:03]} 42. Rf1+ {[%clk 0:14:04]} Kg6
{[%clk 0:01:25]} 43. Re1 {[%clk 0:14:30]} Kf6 {[%clk 0:01:07]} 44. Rf1+
{[%clk 0:14:54]} Kg6 {[%clk 0:01:29]} 1/2-1/2

[Event "PMPJ 2022 - C17"]
[Site "Jastrzebia Gora"]
[Date "2022.11.11"]
[Round "8.23"]
[White "Bekier, Piotr"]
[Black "Grochowski, Adam"]
[Result "1-0"]
[BlackElo "1204"]
[WhiteElo "1548"]
[LiveChessVersion "1.4.8"]

1. d4 Nf6 2. Nf3 g6 3. c4 c5 4. d5 b5 5. cxb5 a6 6. e3 Bg7 7. Nc3 O-O 8. Be2 d6
9. O-O e6 10. e4 axb5 11. Bxb5 Ba6 12. dxe6 Bxb5 13. exf7+ Rxf7 14. Nxb5 Nxe4 15.
Qd5 Ra5 16. Qxe4 Rxb5 17. Ng5 Rb4 18. Qd5 Rbb7 19. Nxf7 Rxf7 20. Bg5 Qd7 21. Rfe1
Kf8 22. Rad1 Bd4 23. Bh6+ Kg8 24. Re6 Rxf2 25. Re8# 1-0

[Event "PMPJ 2022 - C17"]
[Site "Jastrzebia Gora"]
[Date "2022.11.11"]
[Round "8.24"]
[White "Mazurek, Mateusz"]
[Black "Mazus, Jakub"]
[Result "0-1"]
[BlackElo "1430"]
[WhiteElo "1189"]
[LiveChessVersion "1.4.8"]

1. d4 {[%clk 1:30:55]} Nf6 {[%clk 1:30:56]} 2. Bf4 {[%clk 1:31:21]} d5
{[%clk 1:30:12]} 3. e3 {[%clk 1:31:39]} c5 {[%clk 1:29:16]} 4. Nf3
{[%clk 1:29:31]} e6 {[%clk 1:26:27]} 5. c3 {[%clk 1:29:00]} Bd6 {[%clk 1:25:13]}
6. Bg3 {[%clk 1:29:17]} O-O {[%clk 1:25:33]} 7. Nbd2 {[%clk 1:28:59]} Nc6
{[%clk 1:25:13]} 8. Bd3 {[%clk 1:28:49]} Re8 {[%clk 1:20:03]} 9. Ne5
{[%clk 1:28:15]} Bxe5 {[%clk 1:13:20]} 10. dxe5 {[%clk 1:25:48]} Nd7
{[%clk 1:13:45]} 11. Nf3 {[%clk 1:21:17]} f6 {[%clk 1:09:56]} 12. exf6
{[%clk 1:18:32]} Nxf6 {[%clk 1:10:19]} 13. Ne5 {[%clk 1:15:33]} Qd6
{[%clk 0:58:05]} 14. Bxh7+ {[%clk 0:48:28]} Nxh7 {[%clk 0:54:58]} 15. Qh5
{[%clk 0:40:56]} Qe7 {[%clk 0:53:48]} 16. Bh4 {[%clk 0:35:21]} Qf8
{[%clk 0:49:11]} 17. f4 {[%clk 0:29:02]} Nxe5 {[%clk 0:45:15]} 18. fxe5
{[%clk 0:29:08]} Qf7 {[%clk 0:45:30]} 19. Qg4 {[%clk 0:27:29]} Qf5
{[%clk 0:45:13]} 20. Qg3 {[%clk 0:26:51]} Rf8 {[%clk 0:24:53]} 21. O-O-O
{[%clk 0:25:48]} Bd7 {[%clk 0:23:24]} 22. Be7 {[%clk 0:20:40]} Qf2
{[%clk 0:20:34]} 23. Bxf8 {[%clk 0:18:06]} Qxg3 {[%clk 0:21:00]} 24. hxg3
{[%clk 0:18:20]} Rxf8 {[%clk 0:20:44]} 25. Rh4 {[%clk 0:16:03]} Ng5
{[%clk 0:20:37]} 26. Rd2 {[%clk 0:14:53]} Bc6 {[%clk 0:18:43]} 27. Re2
{[%clk 0:11:05]} Ne4 {[%clk 0:18:53]} 28. g4 {[%clk 0:09:32]} Rf1+
{[%clk 0:18:57]} 29. Kc2 {[%clk 0:09:49]} Bb5 {[%clk 0:19:23]} 30. Rd2
{[%clk 0:09:32]} Nxd2 {[%clk 0:19:44]} 31. Kxd2 {[%clk 0:09:59]} Rf2+
{[%clk 0:20:10]} 32. Ke1 {[%clk 0:10:20]} Rxb2 {[%clk 0:20:30]} 0-1

[Event "PMPJ 2022 - C17"]
[Site "Jastrzebia Gora"]
[Date "2022.11.11"]
[Round "8.25"]
[White "Balcerzak, Robert"]
[Black "Bujnowski, Adam"]
[Result "1/2-1/2"]
[BlackElo "1130"]
[WhiteElo "1434"]
[LiveChessVersion "1.4.8"]

1. e4 c6 2. d4 d5 3. Nc3 dxe4 4. Nxe4 Nf6 5. Nxf6+ gxf6 6. c3 e5 7. Bc4 Bg7 8.
Ne2 Qe7 9. O-O Be6 10. Bxe6 Qxe6 11. Re1 Nd7 12. Qb3 O-O-O 13. Qxe6 fxe6 14. Be3
f5 15. dxe5 Bxe5 16. Rad1 Nb6 17. Bxb6 axb6 18. Kf1 Rxd1 19. Rxd1 Rd8 20. Rxd8+
Kxd8 21. g3 c5 22. Ke1 Kd7 23. Kd2 Kd6 24. b3 b5 25. Ke3 Bf6 26. f4 h5 27. Kd3 h4
28. c4 bxc4+ 29. Kxc4 hxg3 30. hxg3 Kc6 31. a4 b6 1/2-1/2

[Event "PMPJ 2022 - C17"]
[Site "Jastrzebia Gora"]
[Date "2022.11.11"]
[Round "8.26"]
[White "Kreciglowa, Kamil"]
[Black "Maciejewski, Adam"]
[Result "0-1"]
[BlackElo "1290"]
[WhiteElo "1282"]
[LiveChessVersion "1.4.8"]

1. e4 c6 2. d4 d5 3. e5 c5 4. c3 Nc6 5. Nf3 cxd4 6. cxd4 Bg4 7. Be2 e6 8. Nc3
Nge7 9. O-O Nf5 10. Be3 Be7 11. h3 Bxf3 12. Bxf3 O-O 13. Be2 a6 14. Bd3 Ncxd4 15.
Bxd4 Nxd4 16. Bxh7+ Kxh7 17. Qxd4 Rc8 18. Rac1 Kg8 19. Rc2 Rc4 20. Qd3 Qc7 21. f4
d4 22. Ne4 Rxc2 23. Nf6+ Bxf6 24. exf6 Rc1 25. fxg7 Rxf1+ 26. Qxf1 Kxg7 27. Qf3
Rg8 28. Qg4+ Kf8 29. Qh4 d3 30. Qh6+ Ke8 31. Qh7 Qc1+ 32. Kh2 Qxf4+ 0-1

[Event "PMPJ 2022 - C17"]
[Site "Jastrzebia Gora"]
[Date "2022.11.12"]
[Round "9.1"]
[White "Kozlowski, Franciszek"]
[Black "Taranowicz, Michal"]
[Result "1/2-1/2"]
[BlackElo "1797"]
[WhiteElo "1842"]
[LiveChessVersion "1.4.8"]

1. d4 {[%clk 1:30:41]} d6 {[%clk 1:30:55]} 2. Bf4 {[%clk 1:30:33]} g6
{[%clk 1:31:02]} 3. e3 {[%clk 1:30:46]} Bg7 {[%clk 1:31:24]} 4. Nf3
{[%clk 1:31:10]} Nf6 {[%clk 1:31:12]} 5. Be2 {[%clk 1:30:54]} O-O
{[%clk 1:30:57]} 6. h3 {[%clk 1:31:16]} b6 {[%clk 1:30:33]} 7. O-O
{[%clk 1:30:51]} Bb7 {[%clk 1:30:57]} 8. Nbd2 {[%clk 1:29:44]} Nbd7
{[%clk 1:30:42]} 9. c3 {[%clk 1:29:04]} Nh5 {[%clk 1:23:58]} 10. Bh2
{[%clk 1:29:21]} e5 {[%clk 1:24:24]} 11. dxe5 {[%clk 1:26:29]} dxe5
{[%clk 1:24:40]} 12. Qc2 {[%clk 1:19:35]} Qe7 {[%clk 1:24:30]} 13. Ne4
{[%clk 1:15:20]} f5 {[%clk 1:22:42]} 14. Ng3 {[%clk 1:09:24]} Nhf6
{[%clk 1:21:23]} 15. Bc4+ {[%clk 1:09:19]} Kh8 {[%clk 1:21:45]} 16. Nd2
{[%clk 1:03:29]} Rae8 {[%clk 1:16:18]} 17. Rfe1 {[%clk 0:59:57]} h5
{[%clk 1:12:37]} 18. Rad1 {[%clk 0:56:24]} h4 {[%clk 1:10:50]} 19. Ngf1
{[%clk 0:50:49]} Nh5 {[%clk 1:06:38]} 20. Nf3 {[%clk 0:47:27]} g5
{[%clk 1:02:09]} 21. Qe2 {[%clk 0:43:07]} g4 {[%clk 0:42:37]} 22. Nxh4
{[%clk 0:35:32]} Qxh4 {[%clk 0:42:17]} 23. Rxd7 {[%clk 0:35:45]} Bxg2
{[%clk 0:32:09]} 24. Kxg2 {[%clk 0:30:48]} Qxh3+ {[%clk 0:32:01]} 25. Kg1
{[%clk 0:26:24]} f4 {[%clk 0:32:26]} 26. Ng3 {[%clk 0:25:17]} fxg3
{[%clk 0:32:08]} 27. fxg3 {[%clk 0:25:15]} Nxg3 {[%clk 0:30:54]} 28. Qg2
{[%clk 0:25:29]} Qxg2+ {[%clk 0:31:06]} 29. Kxg2 {[%clk 0:25:52]} Ne4
{[%clk 0:31:12]} 30. Bg3 {[%clk 0:25:52]} Rf6 {[%clk 0:18:43]} 1/2-1/2